<?xml version="1.0" encoding="UTF-8"?>
<record
    xmlns:xsi="http://www.w3.org/2001/XMLSchema-instance"
    xsi:schemaLocation="http://www.loc.gov/MARC21/slim http://www.loc.gov/standards/marcxml/schema/MARC21slim.xsd"
    xmlns="http://www.loc.gov/MARC21/slim">

  <leader>01559nam a22001937a 4500</leader>
  <controlfield tag="008">140717b        xxu||||| |||| 00| 0 eng d</controlfield>
  <datafield tag="020" ind1=" " ind2=" ">
    <subfield code="a">9780321423580</subfield>
  </datafield>
  <datafield tag="050" ind1=" " ind2=" ">
    <subfield code="a">HB171.5.R43</subfield>
  </datafield>
  <datafield tag="100" ind1=" " ind2=" ">
    <subfield code="a">Riddell,Tom</subfield>
  </datafield>
  <datafield tag="245" ind1=" " ind2=" ">
    <subfield code="a">Economics: a tool for critically understanding society. /</subfield>
    <subfield code="c">Riddell Tom</subfield>
  </datafield>
  <datafield tag="260" ind1=" " ind2=" ">
    <subfield code="a">Boston:</subfield>
    <subfield code="b">Pearson,</subfield>
    <subfield code="c">2008</subfield>
  </datafield>
  <datafield tag="300" ind1=" " ind2=" ">
    <subfield code="a">xxviii,585p.:</subfield>
    <subfield code="b">ill.;</subfield>
    <subfield code="c">24cm.</subfield>
  </datafield>
  <datafield tag="500" ind1=" " ind2=" ">
    <subfield code="a">Includes glossary and index</subfield>
  </datafield>
  <datafield tag="505" ind1=" " ind2=" ">
    <subfield code="a">Contents: Economics as a social science -- Exploring the emerging global economy -- The evolution of economic systems -- Adam Smith,classical liberalism,and the division of labor -- Karl marx and the socialist critique of capitalism -- The rise and fall of laissez-faire in the U.S economy -- Scarcity:''you can't always get what you want'' -- The theory of markets -- Perfect competition and efficiency -- Noncompetitive markets and inefficiency -- Resource markets and the distrubution of income -- Corporation and labor union -- The economic role of government -- Macroeconomics:issue and problems -- Macroeconomic -- Macroeconomic theory:classical and Keynesian models -- Fiscal policy:government spending and taxation -- Financial markets,money,and monetary policy -- Aggregate demand and aggregate supply -- Unemployment,inflation,and stabilization policy in a global economy -- Internation trade and interdependence -- Internation finance -- The economics of developing nations -- Economies in transition </subfield>
  </datafield>
  <datafield tag="700" ind1=" " ind2=" ">
    <subfield code="a">Shackelford,Jean</subfield>
  </datafield>
  <datafield tag="700" ind1=" " ind2=" ">
    <subfield code="a">Schneider,Geoffrey </subfield>
  </datafield>
  <datafield tag="700" ind1=" " ind2=" ">
    <subfield code="a">Stamos,Steve</subfield>
  </datafield>
  <datafield tag="942" ind1=" " ind2=" ">
    <subfield code="2">lcc</subfield>
    <subfield code="c">BK</subfield>
  </datafield>
  <datafield tag="999" ind1=" " ind2=" ">
    <subfield code="c">3159</subfield>
    <subfield code="d">10659</subfield>
  </datafield>
  <datafield tag="952" ind1=" " ind2=" ">
    <subfield code="0">0</subfield>
    <subfield code="1">0</subfield>
    <subfield code="2">lcc</subfield>
    <subfield code="4">0</subfield>
    <subfield code="7">0</subfield>
    <subfield code="a">WIUC-1</subfield>
    <subfield code="b">WIUC-1</subfield>
    <subfield code="c">GEN</subfield>
    <subfield code="d">2014-07-17</subfield>
    <subfield code="l">1</subfield>
    <subfield code="o">HB171.5.R43</subfield>
    <subfield code="p">7622/49/14</subfield>
    <subfield code="r">2014-08-06 00:00:00</subfield>
    <subfield code="s">2014-08-06</subfield>
    <subfield code="t">1</subfield>
    <subfield code="w">2014-07-17</subfield>
    <subfield code="y">BK</subfield>
  </datafield>
  <datafield tag="952" ind1=" " ind2=" ">
    <subfield code="0">0</subfield>
    <subfield code="1">0</subfield>
    <subfield code="2">lcc</subfield>
    <subfield code="4">0</subfield>
    <subfield code="7">0</subfield>
    <subfield code="a">WIUC-1</subfield>
    <subfield code="b">WIUC-1</subfield>
    <subfield code="c">GEN</subfield>
    <subfield code="d">2014-07-17</subfield>
    <subfield code="l">1</subfield>
    <subfield code="o">HB171.5.R431</subfield>
    <subfield code="p">7623/50/14</subfield>
    <subfield code="r">2014-08-06 00:00:00</subfield>
    <subfield code="s">2014-08-06</subfield>
    <subfield code="t">2</subfield>
    <subfield code="w">2014-07-17</subfield>
    <subfield code="y">BK</subfield>
  </datafield>
</record>
